00241nam a2200109 4500082001200000100001800012245003500030250000900065260003300074300000800107650001600115 a541.224 aSanderson,R.T aChemical bonds and bond energy a2 ed aLondonbAcademic pressc1976 a218 abond energy